|
|
|
|
| LEADER |
00000cas a2200000 a 4500 |
| 001 |
vtls008185908 |
| 003 |
SK-MaSNL |
| 005 |
20260228163515.0 |
| 008 |
050722d19371939xo r p 0 b0slo |
| 040 |
|
|
|a SNK
|b slo
|c SNK
|c AACR2
|
| 041 |
0 |
|
|a slo
|
| 044 |
|
|
|a xo
|c SK
|
| 080 |
|
|
|a 373.5
|2 2011
|
| 080 |
|
|
|a 050
|2 2011
|
| 245 |
0 |
0 |
|a Slovenská Brázda
|
| 260 |
|
|
|a Nitra
|b Sbor profesorov Štátnej obchodnej akadémieJ
|c 1937-1939
|f (Prvá slovenská tlačiareň)
|
| 300 |
|
|
|a 3 zv.
|
| 310 |
|
|
|a Nepravidelne
|
| 362 |
0 |
|
|a Roč. 1, č.1 (6. marca 1937)-roč. 3, č. 3 (máj 1939)
|z Bg.Kipsová/1968, Fedor/1969 ; SKP
|
| 500 |
|
|
|a Roč.2. vychádzal v r.1937/38. R.1937-1938 podnázvov: kultúrny mesačník
|
| 500 |
|
|
|a Zodp. red.: Jozef Boháč
|
| 550 |
|
|
|a Bg. uvádza v r.1937-1937/38 tlač: Prvá slovenská kníhtlačiareň; r.1939 tlač: Prvá slovenská tlačiareň
|
| 650 |
0 |
7 |
|a študentské časopisy
|2 SNKPH
|9 29908
|
| 700 |
1 |
|
|a Boháč, Jozef
|4 lso
|9 168676
|
| 910 |
|
|
|a snk
|
| 999 |
|
|
|c 9685
|d 11615
|
| 952 |
|
|
|0 0
|1 0
|4 0
|7 0
|8 3
|a SNK
|b SNK
|d 2005-07-22
|i snkK 3451/74
|l 0
|o snkČSB 2432/1/1937
|p 17A0478852
|r 2026-02-21 21:21:55
|w 2026-02-21
|y PREZ
|
| 952 |
|
|
|0 0
|1 0
|4 0
|7 0
|a SNK
|b SNK
|d 2005-07-22
|l 0
|o snkČSB 2432/2/1937-1938
|p 17A0478831
|r 2026-02-21 21:21:55
|t č. 5, 9, 10
|w 2026-02-21
|y PREZ
|